Normal view
MARC view
- Fuertes, Carola
Entry Nombre Personal
001 - NUMERO DE CONTROL
- campo de control: 53520
003 - IDENTIFICADOR DE NUMERO DE CONTROL
- campo de control: MX-MxUPN
005 - FECHA Y HORA DE LA ÜLTIMA TRANSACCIÓN
- campo de control: 20240911101354.0
008 - DATOS DE LONGITUD FIJA
- campo de control de longitud fija: 240911|| acn||aabn | aaa d
040 ## - FUENTE DE CATALOGACIÓN
- Agencia original de catalogación: MX-MxUPN
- Lenguaje de catalogación: spa
- Agencia de transcripción: MX-MxUPN
100 1# - ENCABEZAMIENTO - NOMBRE PERSONAL
- Nombre personal: Fuertes, Carola
373 ## - GRUPO ASOCIADO
- Associated group: Universidad Argentina John F. Kennedy
373 ## - GRUPO ASOCIADO
- Associated group: Universidad del Salvador
374 ## - OCUPACIÓN
- Occupation: Psicopedagoga
670 ## - FUENTE EN LA QUE SE LOCALIZARON DATOS
- Cita de la fuente: Psicopedagogía : revisión de conceptos y problemas, 2021 :
- Información localizada: página 185 (Carola Fuertes. profesora y licenciada en psicopedagogía (UNJFK). Profesora de sordos y perturbados del lenguaje (USAL))
902 ## - CATALOGADOR
- Catalogador: MaríaRobles/100924
